Dopasuj imię do nazwiska - polscy siatkarze - Statystyki

Ogólne statystyki
  • Ten quiz został rozwiązany 93 razy
  • Średni wynik to 14 z 20
Statystyki odpowiedzi
Hint Odpowiedź % Poprawnych
Bartosz Kurek
94%
Fabian Drzyzga
86%
Karol Kłos
85%
Aleksander Śliwka
83%
Mariusz Wlazły
83%
Mateusz Bieniek
82%
Jakub Kochanowski
80%
Piotr Gruszka
77%
Paweł Zatorski
76%
Norbert Huber
74%
Michał Winiarski
74%
Łukasz Kaczmarek
73%
Krzysztof Ignaczak
71%
Kamil Semeniuk
70%
Marcin Możdżonek
68%
Daniel Pliński
59%
Ryszard Bosek
48%
Tomasz Wójtowicz
48%
Stanisław Gościniak
45%
Wiesław Gawłowski
38%
Nie znaleziono quizów pasujących do podanych kryteriów
Rozkład punktacji
Procent ludzi z każdym wynikiem
Percentyl według liczby udzielonych odpowiedzi
Twoja historia wyników
Nie rozwiązałeś tego quizu